000 00731nam a2200277 a 4500
003 AR-BaBNM
005 20251128204242.0
008 082120s2002 ||||||||||||||000 | spa||
020 _a0-394-53639-8
040 _cAR-BaBNM
100 1 _aChoate, Pat
245 0 0 _aThe high-flex society
_bshaping America's economic future
250 _a1st ed.
260 _aNew York
_bAlfred A. Knopf
_c1986
300 _ax, 301 p.
650 4 _aDESARROLLO ECONOMICO Y SOCIAL
650 4 _aCAMBIO TECNOLOGICO
650 4 _aINVESTIGACION ECONOMICA
650 4 _aTRABAJO Y EMPLEO
650 4 _aTRABAJADORES
650 4 _aECONOMIA DEL TRABAJO
651 4 _aEstados Unidos
700 1 _aLinger, J.K.
942 _cBK
998 _cEthel
999 _c6721
_d6721